000 00707nam a22002057a 4500
005 20100508120059.0
008 100508t xxu||||| |||| 00| 0 eng d
010 _aB-368647
020 _c720.10
035 _aB-368647
037 _bPansy Books
040 _adpl
_bEnglish
100 _aPacker, Jane
_936927
245 _aWorld flowers /
_cby Jane Packer
260 _bConran Octopus
_aLondon
300 _ap.
_ccm.
942 _2ddc
_cEN
_mPAC
999 _c35827
_d35827